000 007490000a22002290004500
003 LK-CoMWRAF
005 20231125175412.0
008 230817t1997 ||||| |||| 00| 0 eng d
040 _aLK-CoMWRAF
_dLK-CoMWRAF
_eLK-CoMWRAF
041 _aeng
082 _a306.2
_bSOB
100 _aSobhan, Rehman
245 _aRediscovering A South Asian community:
_bcivil society in search of its future
260 _aColombo:
_bInternational Centre for Ethnic Studies,
_c1997
300 _a59 p. ; 23 cm.
490 _aMonograph series: Civil Society
_vNo. 2
650 _a Political stability--South Asia
650 _aSouth Asia--Economic policy
650 _aSouth Asia--Social policy
650 _a South Asia--Politics and government.
942 _cBK
999 _c3178
_d3178